[Event "Reykjavik Open 2025"]
[Site "Reykjavik"]
[Date "2025.04.15"]
[Round "9.126"]
[White "Mize, Dylan"]
[Black "Bartelt, Max Peter"]
[Result "0-1"]
[WhiteElo "1826"]
[WhiteFideId "30932599"]
[BlackElo "2104"]
[BlackFideId "12967289"]
[Variant "Standard"]
[StudyName "ROpen 2025 - Rd9 - Boards 109-172"]
1. Nf3 d5 2. d4 Nf6 3. e3 Bf5 4. c4 c6 5. Nc3 e6 6. Qb3 Qc7 7. Nh4 Bg4 8. h3 Bh5 9. g4 Bg6 10. Nxg6 hxg6 11. Bg2 Nbd7 12. cxd5 exd5 13. Bd2 Qb6 14. Qc2 Bd6 15. g5 Ng8 16. O-O-O Ne7 17. Kb1 Nf5 18. Rhe1 O-O 19. Bf3 Nh4 20. Bg4 Rad8 21. e4 dxe4 22. Nxe4 Bb4 23. Bxb4 Qxb4 24. a3 Qa5 25. Nc5 Nxc5 26. dxc5 Rfe8 27. Rxe8+ Rxe8 28. Rd7 Re5 29. Rxb7 Rxc5 30. Rb8+ Kh7 31. Qe4 Rb5 32. Rxb5 Qxb5 33. Qf4 Qd3+ 34. Ka1 Nf5 35. Bxf5 gxf5 36. Qc7 Qd1+ 37. Ka2 Qd5+ 38. Ka1 a5 39. Qf4 Kg6 40. Qe3 Kh5 41. Qc3 g6 42. Qg3 Qc4 43. Qe3 a4 44. Qg3 Qe4 45. Ka2 c5 46. Ka1 c4 47. Qc7 Qd5 48. Qg3 Qd1+ 49. Ka2 Qb3+ 50. Kb1 Qxg3 51. fxg3 Kxg5 52. Kc2 f4 53. gxf4+ Kxf4 54. Kc3 Ke3 55. Kxc4 f5 56. b4 axb3 57. Kxb3 f4 0-1

[Event "Reykjavik Open 2025"]
[Site "Reykjavik"]
[Date "2025.04.15"]
[Round "9.127"]
[White "Gilbert, Alistair"]
[Black "Levin, Anthony"]
[Result "0-1"]
[WhiteElo "1797"]
[WhiteFideId "343419160"]
[BlackElo "2016"]
[BlackFideId "30940680"]
[Variant "Standard"]
[StudyName "ROpen 2025 - Rd9 - Boards 109-172"]
1. Nf3 d5 2. c4 d4 3. b4 g5 4. Qb3 Bg7 5. g3 g4 6. Nh4 e5 7. e3 Bf6 8. exd4 exd4 9. Bb2 Ne7 10. Na3 a5 11. Qa4+ Bd7 12. b5 Na6 13. Qxa5 Nc5 14. Qb4 b6 15. d3 Ra4 16. Qd2 Bxh4 17. gxh4 Qa8 18. Rg1 Rxa3 19. Bxa3 Qxa3 20. Rd1 h5 21. Qg5 Bf5 22. Rg3 Ne6 23. Qf6 Qc3+ 24. Rd2 Rg8 25. Bg2 Bg6 26. Bc6+ Nxc6 27. bxc6 Qc1+ 28. Ke2 Qh1 29. Rb2 Qxc6 30. Rb5 Qd6 31. Re5 Qe7 32. Qxe7+ Kxe7 33. Rb5 Ra8 34. Rb2 Nf4+ 35. Kd2 Ra3 0-1

[Event "Reykjavik Open 2025"]
[Site "Reykjavik"]
[Date "2025.04.15"]
[Round "9.128"]
[White "Vedant, Nayudu"]
[Black "Grigoriev, Dmitriy"]
[Result "0-1"]
[WhiteElo "1789"]
[WhiteFideId "33369780"]
[BlackElo "1997"]
[BlackFideId "34181676"]
[Variant "Standard"]
[StudyName "ROpen 2025 - Rd9 - Boards 109-172"]
1. e4 e5 2. Nf3 Nc6 3. Bc4 Bc5 4. O-O Nf6 5. d3 h6 6. Nc3 d6 7. Na4 Bb6 8. Nxb6 axb6 9. Be3 O-O 10. h3 Be6 11. Bb3 d5 12. exd5 Bxd5 13. Nd2 Nd4 14. Bxd4 exd4 15. Bxd5 Qxd5 16. a3 Rfe8 17. Qf3 c5 18. Rfe1 Qxf3 19. Nxf3 Nd5 20. g3 b5 21. Nd2 f5 22. Kg2 Kf7 23. Kf3 Kf6 24. g4 g6 25. h4 h5 26. g5+ Kf7 27. Rxe8 Rxe8 28. Nb3 b6 29. Nd2 Ke6 30. Re1+ Kd7 31. Rxe8 Kxe8 32. Nb1 c4 33. Nd2 c3 34. bxc3 dxc3 35. Nb3 Kd7 36. Nd4 b4 37. axb4 Nxb4 38. Kf4 Kd6 39. Nb5+ Ke6 40. Nxc3 Nxc2 41. Na4 b5 42. Nc5+ Kd5 43. Nb3 b4 44. Nc1 Nd4 45. Ke3 b3 46. Nxb3 Nxb3 47. Kf4 Kd4 48. f3 Nc1 0-1

[Event "Reykjavik Open 2025"]
[Site "Reykjavik"]
[Date "2025.04.15"]
[Round "9.131"]
[White "Wahono, Richard"]
[Black "Gudnyjarson, Sigurdur Pall"]
[Result "1/2-1/2"]
[WhiteElo "1775"]
[WhiteFideId "34647236"]
[BlackElo "1951"]
[BlackFideId "2321637"]
[Variant "Standard"]
[StudyName "ROpen 2025 - Rd9 - Boards 109-172"]
1. Nf3 d5 2. e3 Nf6 3. c4 e6 4. Nc3 c5 5. cxd5 Nxd5 6. b3 Nxc3 7. dxc3 Qxd1+ 8. Kxd1 Be7 9. Bb2 Bf6 10. Kc2 b6 11. Rd1 Bb7 12. Bb5+ Ke7 13. Rd2 a6 14. Be2 Nc6 15. Rhd1 Rhd8 16. Rxd8 Rxd8 17. Rxd8 Kxd8 18. a3 h6 19. c4 e5 20. Nd2 Ke7 21. Bf3 g5 22. Ne4 Nd8 23. Kd3 Bxe4+ 24. Bxe4 Bg7 25. f4 gxf4 26. exf4 Ke6 27. g4 Kd6 28. g5 hxg5 29. fxg5 Ne6 30. h4 f6 31. g6 Nf4+ 32. Ke3 Ke6 33. Bc1 Nxg6 34. Bxg6 Bh6+ 35. Ke4 Bxc1 36. a4 Bh6 37. Bf5+ 1/2-1/2

[Event "Reykjavik Open 2025"]
[Site "Reykjavik"]
[Date "2025.04.15"]
[Round "9.132"]
[White "Naga, Laxmi Seelam"]
[Black "Lenz, Joshua"]
[Result "1/2-1/2"]
[WhiteElo "1764"]
[WhiteFideId "25702475"]
[BlackElo "1944"]
[BlackFideId "16256956"]
[Variant "Standard"]
[StudyName "ROpen 2025 - Rd9 - Boards 109-172"]
1. e4 c5 2. Nf3 d6 3. d4 cxd4 4. Nxd4 Nf6 5. Nc3 a6 6. h3 e5 7. Nf3 b5 8. a3 Bb7 9. Bd3 Nbd7 10. Be3 Be7 11. O-O O-O 12. Re1 Qc7 13. Nd2 Rfd8 14. f3 Rac8 15. Qe2 h6 16. Qf2 Nc5 17. Qg3 Kh8 18. Be2 Ne6 19. Nb3 d5 20. exd5 Nxd5 21. Nxd5 Bxd5 22. Rac1 Bf6 23. Nd2 Qb7 24. c3 Nc5 25. Qg4 Be6 26. Qg3 Nb3 27. Nxb3 Bxb3 28. Bd1 Qd5 29. Bc2 Bxc2 30. Rxc2 Qb3 31. Rce2 Rd3 32. Qg4 Qc4 33. Qf5 Bh4 34. Rc1 Rcd8 35. Kh2 R3d5 36. Qc2 Be7 37. b3 Qd3 38. c4 Qxc2 39. Rcxc2 Rd3 40. cxb5 axb5 41. a4 Rxb3 42. axb5 Rxb5 43. Rc7 Re8 44. Bf2 f6 45. f4 Bf8 46. fxe5 Rbxe5 47. Rxe5 Bd6 48. Bg3 Bxe5 49. Bxe5 fxe5 50. Kg3 Kh7 51. Kf3 Kg6 52. Ke4 Kf6 53. h4 Re6 54. g4 Ra6 55. g5+ hxg5 56. hxg5+ 1/2-1/2

[Event "Reykjavik Open 2025"]
[Site "Reykjavik"]
[Date "2025.04.15"]
[Round "9.133"]
[White "Fridthjofsdottir, Sigurl. Regina"]
[Black "De Kaey, Pascal"]
[Result "0-1"]
[WhiteElo "1743"]
[WhiteFideId "2300788"]
[BlackElo "1944"]
[BlackFideId "204510"]
[Variant "Standard"]
[StudyName "ROpen 2025 - Rd9 - Boards 109-172"]
1. e4 d5 2. exd5 Nf6 3. Nc3 Nxd5 4. Nxd5 Qxd5 5. d4 Nc6 6. Nf3 Bg4 7. Be2 O-O-O 8. c3 h6 9. O-O g5 10. c4 Qf5 11. Be3 e6 12. Qa4 Qa5 13. Qxa5 Nxa5 14. Rac1 Nc6 15. Rfd1 Bg7 16. d5 Ne5 17. Nxe5 Bxe2 18. Rd2 Bh5 19. Nd3 exd5 20. cxd5 Rxd5 21. f3 Rhd8 22. Rcd1 Bg6 23. Nf2 Rxd2 24. Rxd2 Rxd2 25. Bxd2 Bxb2 26. Kf1 c5 27. f4 f6 28. fxg5 fxg5 29. a4 c4 30. Nd1 Be5 31. h3 Bc2 32. Bc3 Bg3 33. Nb2 Kd7 34. a5 Kc6 35. Ke2 Kd5 36. Kf3 Bd6 37. g3 Bf8 38. h4 gxh4 39. gxh4 h5 40. Ke2 Ke4 41. Kd2 Bb3 42. Ke2 Be7 43. Be1 Bf6 44. Nd1 Bxd1+ 45. Kxd1 Ke3 0-1

[Event "Reykjavik Open 2025"]
[Site "Reykjavik"]
[Date "2025.04.15"]
[Round "9.135"]
[White "Eiriksson, Theodor"]
[Black "Nguyen, Paul"]
[Result "0-1"]
[WhiteElo "1742"]
[WhiteFideId "2322277"]
[BlackElo "1936"]
[BlackFideId "651096170"]
[Variant "Standard"]
[StudyName "ROpen 2025 - Rd9 - Boards 109-172"]
1. d4 d5 2. Nc3 Nf6 3. Bf4 c5 4. e3 cxd4 5. exd4 Bg4 6. Be2 Bxe2 7. Ngxe2 Nc6 8. O-O e6 9. Qd2 Bd6 10. Bg3 O-O 11. Rfe1 Bxg3 12. hxg3 Rb8 13. a4 a6 14. Nc1 b5 15. axb5 axb5 16. Nb3 b4 17. Ne2 Ne4 18. Qe3 Ne7 19. g4 Qc7 20. f3 Nd6 21. Nc5 Nc4 22. Qb3 Rb6 23. Ra2 Nc6 24. Rea1 Nxd4 25. Nxd4 Qxc5 0-1

[Event "Reykjavik Open 2025"]
[Site "Reykjavik"]
[Date "2025.04.15"]
[Round "9.136"]
[White "Noer, Andreas"]
[Black "Kirk, Eden"]
[Result "1-0"]
[WhiteElo "1701"]
[WhiteFideId "1571095"]
[BlackElo "1933"]
[BlackFideId "680290"]
[Variant "Standard"]
[StudyName "ROpen 2025 - Rd9 - Boards 109-172"]
1. c4 Nf6 2. g3 g6 3. Bg2 Bg7 4. Nc3 d6 5. e4 O-O 6. Nge2 Nbd7 7. O-O e5 8. d3 c6 9. h3 a5 10. Be3 Re8 11. a4 Nc5 12. Rb1 Qe7 13. Kh2 Bd7 14. b3 Rad8 15. Qd2 Be6 16. Bg5 Qc7 17. f4 h6 18. Bxf6 Bxf6 19. h4 exf4 20. Nxf4 Qe7 21. Nxe6 Nxe6 22. Ne2 Nc5 23. Rf3 d5 24. Qxh6 dxe4 25. dxe4 Nxe4 26. Re3 Nf2 27. Rxe7 Ng4+ 28. Kh3 Nxh6 29. Rxe8+ Rxe8 30. Ng1 Nf5 31. Rf1 Bd4 32. Kh2 Re3 33. Rf3 Re1 34. Rf1 Rxf1 35. Bxf1 Bxg1+ 36. Kxg1 Nd4 37. Bd3 Nxb3 38. Kf2 Nc5 39. Bc2 Kg7 40. Ke3 Ne6 41. Ke4 Kf6 42. g4 Nc5+ 43. Kf4 Nd7 44. Bb3 Nf8 45. Ke4 Ne6 46. Bc2 Ke7 47. h5 gxh5 48. gxh5 f5+ 49. Ke5 f4 50. h6 f3 51. h7 Nd8 52. Bg6 1-0

[Event "Reykjavik Open 2025"]
[Site "Reykjavik"]
[Date "2025.04.15"]
[Round "9.137"]
[White "Valtysson, Thor"]
[Black "Donath, Simon"]
[Result "1-0"]
[WhiteElo "1929"]
[WhiteFideId "2301903"]
[BlackElo "1761"]
[BlackFideId "34618180"]
[Variant "Standard"]
[StudyName "ROpen 2025 - Rd9 - Boards 109-172"]
1. d4 d5 2. Nf3 Nf6 3. Bf4 Bf5 4. e3 c6 5. Bd3 Bxd3 6. cxd3 g6 7. h3 Bg7 8. O-O O-O 9. Nc3 Nbd7 10. Qe2 c5 11. dxc5 Nxc5 12. Rac1 Ne6 13. Be5 Nh5 14. Bxg7 Kxg7 15. d4 Nf6 16. Ne5 a6 17. Rc2 Ng5 18. Rfc1 Nge4 19. Nxe4 Nxe4 20. f3 Nd6 21. b3 Rc8 22. Rc5 f6 23. Rxc8 Nxc8 24. Nd3 Nd6 25. Nf4 Qd7 26. Rc7 Qb5 27. Qxb5 Nxb5 28. Rxe7+ Kh6 29. Nxd5 1-0

[Event "Reykjavik Open 2025"]
[Site "Reykjavik"]
[Date "2025.04.15"]
[Round "9.138"]
[White "Weersing, Nathan"]
[Black "Baldvinsson, Loftur"]
[Result "0-1"]
[WhiteElo "1666"]
[WhiteFideId "467936"]
[BlackElo "1920"]
[BlackFideId "2301261"]
[Variant "Standard"]
[StudyName "ROpen 2025 - Rd9 - Boards 109-172"]
1. e4 e6 2. Nf3 d5 3. exd5 exd5 4. d4 Bd6 5. Bd3 Bg4 6. Be3 Nc6 7. c3 Nge7 8. Nbd2 Qd7 9. Qc2 f5 10. Bg5 Qe6+ 11. Be2 h6 12. Bxe7 Nxe7 13. h3 Bh5 14. Qd3 c6 15. c4 O-O 16. O-O Rae8 17. Rae1 Ng6 18. Bd1 Qf6 19. cxd5 Nf4 20. Qb3 cxd5 21. Qxb7 Qg6 22. g3 Nxh3+ 23. Kh2 Nxf2 24. Qxd5+ Kh8 25. Ne5 Bxe5 26. dxe5 Nxd1 27. Nf3 Bxf3 28. Rxf3 Nxb2 29. e6 Qf6 30. Rb3 f4 31. Kg2 fxg3 32. Re2 Qf1+ 33. Kxg3 Qxe2 34. Qd4 Qe1+ 35. Kg2 Rxe6 36. Rxb2 Rg6+ 37. Kh2 Qg3+ 38. Kh1 Rf1+ 0-1

[Event "Reykjavik Open 2025"]
[Site "Reykjavik"]
[Date "2025.04.15"]
[Round "9.139"]
[White "Ragnarsson, Johann"]
[Black "Moseley, Alan"]
[Result "1-0"]
[WhiteElo "1908"]
[WhiteFideId "2301040"]
[BlackElo "1760"]
[BlackFideId "30963311"]
[Variant "Standard"]
[StudyName "ROpen 2025 - Rd9 - Boards 109-172"]
1. d4 e6 2. c4 b6 3. e4 Bb4+ 4. Bd2 Bxd2+ 5. Qxd2 Bb7 6. f3 Qh4+ 7. g3 Qe7 8. Nc3 f5 9. Bd3 fxe4 10. fxe4 Nc6 11. Nf3 Nb4 12. Bb1 Nf6 13. a3 Na6 14. O-O O-O-O 15. e5 Ng4 16. Be4 h5 17. Nh4 Bxe4 18. Nxe4 Rhg8 19. Ng6 Qe8 20. Qg5 Kb8 21. b4 c6 22. Nd6 1-0

[Event "Reykjavik Open 2025"]
[Site "Reykjavik"]
[Date "2025.04.15"]
[Round "9.141"]
[White "Bjarnason, Snorri Vikanes"]
[Black "Sharf, Sam"]
[Result "1-0"]
[WhiteElo "1901"]
[WhiteFideId "1539833"]
[BlackElo "1702"]
[BlackFideId "39900380"]
[Variant "Standard"]
[StudyName "ROpen 2025 - Rd9 - Boards 109-172"]
1. c4 Nf6 2. Nf3 e6 3. e3 c5 4. b3 Nc6 5. Be2 d5 6. cxd5 exd5 7. d3 Be7 8. O-O O-O 9. Bb2 h6 10. Nbd2 Bf5 11. d4 Rc8 12. dxc5 Bxc5 13. Rc1 Qe7 14. Bxf6 gxf6 15. Nb1 Kh8 16. Qxd5 Bxb1 17. Rxc5 Nb4 18. Qd1 Qxc5 19. Qxb1 Qc2 20. Qe1 Nxa2 21. Nd4 Qb2 22. Qa5 Rc1 23. Qh5 Nc3 24. Qxh6+ Kg8 25. Bd3 Rxf1+ 26. Bxf1 Qb1 27. Qxf6 Rc8 28. Qf3 Rd8 29. g3 Qe4 30. Qf6 Rd5 31. Bc4 Rd7 32. h4 a6 33. h5 b5 34. h6 Qg4 35. Bd3 Nd5 36. h7+ 1-0

[Event "Reykjavik Open 2025"]
[Site "Reykjavik"]
[Date "2025.04.15"]
[Round "9.143"]
[White "Arnshav, Ivar"]
[Black "Bulva, Maksim"]
[Result "0-1"]
[WhiteElo "1893"]
[WhiteFideId "1777661"]
[BlackElo "1660"]
[BlackFideId "54140110"]
[Variant "Standard"]
[StudyName "ROpen 2025 - Rd9 - Boards 109-172"]
1. f4 c5 2. Nf3 Nc6 3. g3 d5 4. Bg2 g6 5. O-O Bg7 6. d3 Nf6 7. Nbd2 O-O 8. e4 Bg4 9. Qe1 Nb4 10. e5 Nxc2 11. Qd1 Ne3 12. Qe1 Nxf1 13. exf6 Bxf6 14. Nxf1 Bxf3 15. Bxf3 e6 16. Rb1 Rb8 17. b4 b6 18. Ba3 Bd4+ 19. Kg2 Qf6 20. bxc5 bxc5 21. Nd2 Be3 22. Rxb8 Rxb8 23. Qc1 Bxd2 0-1

[Event "Reykjavik Open 2025"]
[Site "Reykjavik"]
[Date "2025.04.15"]
[Round "9.145"]
[White "Jonsson, Johann"]
[Black "Seshadri, Sridhar"]
[Result "1-0"]
[WhiteElo "1890"]
[WhiteFideId "2321688"]
[BlackElo "1623"]
[BlackFideId "30913942"]
[Variant "Standard"]
[StudyName "ROpen 2025 - Rd9 - Boards 109-172"]
1. e4 c5 2. Nc3 e5 3. Bc4 Nc6 4. d3 h6 5. f4 d6 6. Nf3 Nf6 7. fxe5 dxe5 8. O-O Bg4 9. h3 Bxf3 10. Qxf3 Nd4 11. Qf2 Be7 12. Nd5 O-O 13. c3 Ne6 14. Qg3 Nf4 15. Nxf4 exf4 16. Qxf4 a6 17. e5 Nh7 18. Bxf7+ Kh8 19. Qe4 Bg5 20. e6 Qe7 21. Bxg5 Nxg5 22. Qg6 Rad8 23. Rae1 Rd5 24. Re3 Nh7 25. h4 Nf6 26. Rxf6 Qxf6 27. Qxf6 gxf6 28. e7 Rdd8 29. exd8=Q Rxd8 30. Re8+ Rxe8 31. Bxe8 a5 32. Kf2 Kg7 33. Kf3 Kf8 34. Bb5 Kg7 35. Kf4 1-0

[Event "Reykjavik Open 2025"]
[Site "Reykjavik"]
[Date "2025.04.15"]
[Round "9.148"]
[White "Arnalds, Stefan"]
[Black "Eustratiadis, Panagiotis"]
[Result "1-0"]
[WhiteElo "1850"]
[WhiteFideId "2304821"]
[BlackElo "1579"]
[BlackFideId "40100448"]
[Variant "Standard"]
[StudyName "ROpen 2025 - Rd9 - Boards 109-172"]
1. Nf3 Nf6 2. g3 d5 3. Bg2 Bf5 4. d4 e6 5. Nh4 Bg6 6. Nxg6 hxg6 7. c4 c6 8. b3 Bb4+ 9. Bd2 Bd6 10. c5 Bc7 11. Bc3 a5 12. Nd2 Nbd7 13. a3 Qb8 14. b4 Ng4 15. Nf1 Ndf6 16. f3 Nxh2 17. f4 Nfg4 18. e4 Ke7 19. Nxh2 Rxh2 20. Qxg4 Rxg2 21. Qf3 axb4 22. exd5 cxd5 23. Qxg2 bxc3 24. O-O Ra4 25. Qc2 Rc4 26. Rab1 Qa7 27. Rb3 Ba5 28. Rfb1 b6 29. cxb6 Bxb6 30. Rxb6 Kf6 31. Qe2 Kf5 32. Qe5+ Kg4 33. Qg5+ Kf3 34. Rf1+ Ke2 35. Qe5+ Kd2 36. Rf2+ Kd3 37. Rf3+ Kd2 38. Qe3+ Kc2 39. Qd3+ Kc1 40. Rb1# 1-0

[Event "Reykjavik Open 2025"]
[Site "Reykjavik"]
[Date "2025.04.15"]
[Round "9.151"]
[White "Deelwater, Michael"]
[Black "Maciol, Ryszard"]
[Result "0-1"]
[WhiteElo "1766"]
[WhiteFideId "1352199"]
[BlackElo "2135"]
[BlackFideId "1118153"]
[Variant "Standard"]
[StudyName "ROpen 2025 - Rd9 - Boards 109-172"]
1. e4 e6 2. d4 d5 3. Be3 dxe4 4. Nd2 f5 5. f3 Nf6 6. Bc4 Nd5 7. Bxd5 exd5 8. Qe2 Bd6 9. O-O-O O-O 10. fxe4 fxe4 11. h4 Be6 12. Nh3 Qd7 13. Qh5 Nc6 14. Ng5 Bf5 15. Rdg1 Ne7 16. Qe2 Bg4 17. Qe1 Nf5 18. Kb1 h6 19. Nh3 Ng3 20. c3 Nxh1 21. Rxh1 b5 22. Nf2 Rf7 23. Nxg4 Qxg4 24. Nb3 Raf8 25. Nc5 Qxg2 26. Rg1 Rf1 0-1

[Event "Reykjavik Open 2025"]
[Site "Reykjavik"]
[Date "2025.04.15"]
[Round "9.152"]
[White "Urbaniak, Andreas"]
[Black "De Seroux, Camille"]
[Result "0-1"]
[WhiteElo "1754"]
[WhiteFideId "24685020"]
[BlackElo "2049"]
[BlackTitle "WIM"]
[BlackFideId "1305620"]
[Variant "Standard"]
[StudyName "ROpen 2025 - Rd9 - Boards 109-172"]
1. e4 c5 2. Nf3 d6 3. Bc4 Nc6 4. h3 Nf6 5. d3 g6 6. Nc3 Bg7 7. O-O O-O 8. Be3 Na5 9. Bb3 Rb8 10. a4 Nxb3 11. cxb3 b6 12. Qc2 Bb7 13. Nd2 d5 14. exd5 Nxd5 15. Nxd5 Qxd5 16. Nf3 Rfd8 17. Rfd1 Rbc8 18. Rd2 Ba6 19. Rad1 h6 20. Ne1 Rc6 21. Rc1 Rcd6 22. Bf4 R6d7 23. Rcd1 f5 24. Be3 Qe5 25. Re2 Qb8 26. f4 Rd5 27. Red2 Qd6 28. Kf2 Kh7 29. g3 e5 30. h4 Bb7 31. Ke2 Re8 32. Kf2 Qc6 33. fxe5 Rdxe5 34. Re2 Rxe3 0-1

[Event "Reykjavik Open 2025"]
[Site "Reykjavik"]
[Date "2025.04.15"]
[Round "9.153"]
[White "Wiesebach, Wolfgang"]
[Black "Winter, Kevin"]
[Result "1-0"]
[WhiteElo "1971"]
[WhiteFideId "4677196"]
[BlackElo "1751"]
[BlackFideId "421960"]
[Variant "Standard"]
[StudyName "ROpen 2025 - Rd9 - Boards 109-172"]
1. d4 Nf6 2. Bf4 g6 3. e3 Bg7 4. h3 d6 5. c3 O-O 6. Nf3 c5 7. Be2 cxd4 8. exd4 Be6 9. O-O Qb6 10. Qc2 Nc6 11. Be3 Nd5 12. Qd2 Nxe3 13. fxe3 d5 14. Bd3 Bh6 15. Na3 Rac8 16. Nc2 a6 17. Rab1 Qc7 18. Qf2 Bg7 19. Rbe1 h6 20. Re2 f5 21. a3 Bf7 22. Nb4 Nxb4 23. axb4 e5 24. Nxe5 Bxe5 25. dxe5 Qxe5 26. Qf4 Qxf4 27. Rxf4 b5 28. Rd4 Be6 29. g3 Rf6 30. Rd2 Rff8 31. Bf1 Rfe8 32. Kf2 g5 33. Bg2 Rc4 34. Bxd5 Bxd5 35. Rxd5 f4 36. exf4 gxf4 37. g4 Kg7 38. R2d4 Rxd4 39. Rxd4 Re3 40. Rxf4 Rxh3 41. Kg2 Rd3 42. Rf3 Rd2+ 43. Kg3 Rxb2 44. Kf4 Rd2 45. Kf5 Re2 46. Rd3 Rf2+ 47. Ke4 Rf6 48. Rd5 Rc6 49. Rd3 Rc4+ 50. Kf5 Rc6 51. Rd7+ Kg8 52. Ra7 Rd6 53. Rc7 Rb6 54. Kf4 Rd6 55. Kg3 Re6 56. Kh4 Rd6 57. Kh5 Re6 58. g5 hxg5 59. Kxg5 Rd6 60. Kf5 Rh6 61. Ke5 Rh5+ 62. Kd6 Rh6+ 63. Kc5 Kf8 64. Rc6 Rh3 65. Kb6 Rh2 66. Kxa6 Rc2 67. Kxb5 Ke7 68. c4 Rh2 69. c5 Rh5 70. Kb6 Rh4 71. b5 Kd7 72. Rc7+ Kd8 73. c6 Ra4 74. Rh7 Rd4 75. c7+ 1-0

[Event "Reykjavik Open 2025"]
[Site "Reykjavik"]
[Date "2025.04.15"]
[Round "9.154"]
[White "Villamar, Eros"]
[Black "Soderberg, Kevin"]
[Result "1-0"]
[WhiteElo "1747"]
[WhiteFideId "2645866"]
[BlackElo "1944"]
[BlackFideId "1719726"]
[Variant "Standard"]
[StudyName "ROpen 2025 - Rd9 - Boards 109-172"]
1. e4 c5 2. Nf3 g6 3. d4 cxd4 4. Nxd4 Bg7 5. Nc3 Nc6 6. Nb3 Nf6 7. Be2 O-O 8. Be3 d6 9. Qd2 a6 10. O-O-O b5 11. f3 Bd7 12. g4 Ne5 13. h4 Rc8 14. h5 b4 15. Nd5 Nxd5 16. exd5 Nc4 17. Bxc4 Rxc4 18. hxg6 fxg6 19. Nd4 Qa5 20. Kb1 Qxd5 21. Qh2 Qe5 22. Qxh7+ Kf7 23. Rh6 Ke8 24. Qxg6+ Kd8 25. Rh5 Qxe3 26. Qxg7 Rf4 27. Qg8+ 1-0

[Event "Reykjavik Open 2025"]
[Site "Reykjavik"]
[Date "2025.04.15"]
[Round "9.155"]
[White "Brynjarsson, Orvar Holm"]
[Black "Benavente, Christian"]
[Result "1/2-1/2"]
[WhiteElo "1717"]
[WhiteFideId "2321726"]
[BlackElo "1938"]
[BlackFideId "1636928"]
[Variant "Standard"]
[StudyName "ROpen 2025 - Rd9 - Boards 109-172"]
1. e4 c6 2. d4 d5 3. Nc3 Nf6 4. e5 Ne4 5. Nxe4 dxe4 6. Ne2 Bf5 7. Ng3 Bg6 8. Bc4 e6 9. O-O b5 10. Bb3 c5 11. c3 Nc6 12. Be3 c4 13. Bc2 Qh4 14. Qb1 Be7 15. Bxe4 Rc8 16. f4 f5 17. Bf3 O-O 18. Qd1 Rfd8 19. Qe2 Bf8 20. Rfd1 Ne7 21. Qd2 Be8 22. Bf2 Qh6 23. b4 Nd5 24. Be3 Bc6 25. a3 Qg6 26. Bh5 Qh6 27. Rf1 Be7 28. Bd1 Bh4 29. Ne2 Qg6 30. g3 Qg4 31. Nc1 Qh3 32. Bf3 Bxg3 33. hxg3 Qxg3+ 34. Kh1 Qh3+ 35. Kg1 Qg3+ 36. Kh1 1/2-1/2

[Event "Reykjavik Open 2025"]
[Site "Reykjavik"]
[Date "2025.04.15"]
[Round "9.156"]
[White "Eliasson, Kristjan Orn"]
[Black "Zamvar, Vipin"]
[Result "1-0"]
[WhiteElo "1889"]
[WhiteFideId "2301784"]
[BlackElo "1733"]
[BlackFideId "2403749"]
[Variant "Standard"]
[StudyName "ROpen 2025 - Rd9 - Boards 109-172"]
1. d4 Nf6 2. Nc3 d5 3. Bf4 Bf5 4. Nb5 Na6 5. e3 e6 6. a3 Ne4 7. f3 Nf6 8. g4 Bg6 9. h4 h6 10. h5 Bh7 11. Bd3 c6 12. Nc3 Bxd3 13. Qxd3 Bd6 14. O-O-O Qc7 15. Nge2 Bxf4 16. exf4 O-O-O 17. Kb1 Qd7 18. Na4 Ne8 19. Nc5 Nxc5 20. dxc5 Qe7 21. Qc3 f6 22. Rd3 Nc7 23. Qa5 Na6 24. b4 e5 25. fxe5 fxe5 26. Ng3 Qc7 27. Qxc7+ Nxc7 28. Nf5 Rd7 29. Re1 e4 30. fxe4 dxe4 31. Nd6+ Kb8 32. Rxe4 Nd5 33. Kb2 Rf8 34. Rd1 b5 35. Rde1 Kc7 36. Re8 Rxe8 37. Rxe8 Rd8 38. Re4 Nf6 39. Rf4 Rd7 40. Kb3 a6 41. a4 Re7 42. axb5 axb5 43. Nf5 Rf7 44. Nxg7 Rxg7 45. Rxf6 Rxg4 46. Rxh6 Rg3+ 47. c3 Rg7 48. Rg6 1-0

[Event "Reykjavik Open 2025"]
[Site "Reykjavik"]
[Date "2025.04.15"]
[Round "9.157"]
[White "Harrison, Kirk"]
[Black "Hallmundarson, Birkir"]
[Result "0-1"]
[WhiteElo "1679"]
[WhiteFideId "343419852"]
[BlackElo "1882"]
[BlackFideId "2319446"]
[Variant "Standard"]
[StudyName "ROpen 2025 - Rd9 - Boards 109-172"]
1. d4 Nf6 2. Nf3 e6 3. c4 d5 4. g3 dxc4 5. a4 Bb4+ 6. Bd2 a5 7. Qc2 c5 8. dxc5 Bxc5 9. Qxc4 Qd5 10. Qxd5 exd5 11. Nc3 O-O 12. Bg2 Nc6 13. O-O Bg4 14. Rac1 Bb4 15. Rfd1 Rfe8 16. h3 Bh5 17. g4 Bg6 18. e3 Rad8 19. Nb5 Ne4 20. Bxb4 Nxb4 21. Nfd4 h5 22. f3 Ng3 23. Kf2 h4 24. Rc3 Rf8 25. Rd2 Rc8 26. Nd6 Rxc3 27. bxc3 Nd3+ 28. Kg1 Nc5 29. N4f5 Bxf5 30. gxf5 Nxa4 31. Nxb7 Nxc3 32. Nxa5 Nxf5 33. Rd3 d4 34. exd4 Ne2+ 35. Kf2 Nexd4 36. Nb3 Ne6 37. Rd5 g6 38. Nd2 Nf4 39. Rd7 Ra8 40. Ne4 Ng3 41. Rd2 Nf5 42. Bf1 Kg7 43. Rd7 Ra2+ 44. Rd2 Ra7 45. Rd8 Ne6 46. Rd2 Nfd4 47. Bc4 Ra3 48. Be2 Nxe2 49. Kxe2 Nf4+ 50. Kf2 Ra1 51. Rd4 Nxh3+ 52. Ke3 Ra3+ 53. Ke2 Ng1+ 54. Kf2 Nxf3 55. Rd7 h3 56. Nd6 Ne5 57. Re7 Ng4+ 58. Ke2 Re3+ 0-1

[Event "Reykjavik Open 2025"]
[Site "Reykjavik"]
[Date "2025.04.15"]
[Round "9.158"]
[White "Santoro, Michele"]
[Black "Hafthorsson, Jon Ulfur"]
[Result "1/2-1/2"]
[WhiteElo "1649"]
[WhiteFideId "28549260"]
[BlackElo "1872"]
[BlackFideId "2323206"]
[Variant "Standard"]
[StudyName "ROpen 2025 - Rd9 - Boards 109-172"]
1. d4 a5 2. e4 d6 3. Nf3 g6 4. c4 Nf6 5. Nc3 Bg7 6. Bd3 O-O 7. O-O e5 8. d5 Na6 9. Be3 Nc5 10. Bxc5 dxc5 11. Nxe5 Nxe4 12. Nxe4 Bxe5 13. Qc2 Bf5 14. Nxc5 Qd6 15. Bxf5 Qxc5 16. Bd3 Rfe8 17. Rae1 Qb4 18. Re2 Bd4 19. a3 Rxe2 20. Qxe2 Qxb2 21. Qxb2 Bxb2 22. a4 Bc3 23. Rb1 Bb4 24. f4 Kf8 25. Rb2 Ke7 26. Kf2 Kd6 27. Re2 c6 28. dxc6 Kxc6 29. h4 Rd8 30. Be4+ Kc7 31. Bd5 Bd6 32. Kf3 b6 33. Kg4 Rd7 34. f5 f6 35. Re6 Be7 36. Rc6+ Kb7 37. h5 g5 38. h6 Bd8 39. Rd6+ Kc7 40. Rxd7+ Kxd7 41. Bg8 Ke7 42. Bxh7 Kf7 43. Bg6+ Kg8 44. h7+ Kh8 45. Kf3 Be7 46. Ke4 Bc5 47. Kd5 Kg7 48. g4 Kh8 49. Kc6 Bd4 50. Kd5 Be5 51. c5 bxc5 1/2-1/2